Southville International School and Colleges
Your cart is empty.
  • Cart
  • Lists
    Public lists Eva Luna New books Lux_list list_1
    Your lists Log in to create your own lists
  • Log in to your account
  • Your cookies
  • Search history
Southville International School and Colleges
  • Advanced search
  • Recent comments
  • Most popular
  • Libraries

Log in to your account

Log in with GOOGLE


If you do not have an external account, but do have a local account, you can still log in:

  1. Home
  2. MARC view: The Oxford book of short poems /
Normal view MARC view ISBD view

The Oxford book of short poems / (Record no. 9665)

[ view plain ]
MARC details
000 -LEADER
fixed length control field 01062pam a2200301 a 4500
001 - CONTROL NUMBER
control field 1425594
003 - CONTROL NUMBER IDENTIFIER
control field OSt
005 - DATE AND TIME OF LATEST TRANSACTION
control field 20151110155213.0
008 - FIXED-LENGTH DATA ELEMENTS--GENERAL INFORMATION
fixed length control field 841129s1985 enk b 001 0 eng
010 ## - LIBRARY OF CONGRESS CONTROL NUMBER
LC control number 84027294
020 ## - INTERNATIONAL STANDARD BOOK NUMBER
International Standard Book Number 9780192820730
040 ## - CATALOGING SOURCE
Original cataloging agency DLC
Transcribing agency DLC
Modifying agency DLC
050 00 - LIBRARY OF CONGRESS CALL NUMBER
Classification number PR 1175
Item number .Ox98 1988
082 00 - DEWEY DECIMAL CLASSIFICATION NUMBER
Classification number HS 821.008
Item number Ox2 1987
245 04 - TITLE STATEMENT
Title The Oxford book of short poems /
Statement of responsibility, etc chosen and edited by P.J. Kavanagh and James Michie.
260 ## - PUBLICATION, DISTRIBUTION, ETC. (IMPRINT)
Place of publication, distribution, etc Oxford :
Name of publisher, distributor, etc Oxford University Press,
Date of publication, distribution, etc c1985.
300 ## - PHYSICAL DESCRIPTION
Extent 307 p. :
Dimensions 23 cm.
500 ## - GENERAL NOTE
General note Includes indexes.
650 #0 - SUBJECT ADDED ENTRY--TOPICAL TERM
Topical term or geographic name as entry element English poetry.
9 (RLIN) 1677
650 #0 - SUBJECT ADDED ENTRY--TOPICAL TERM
Topical term or geographic name as entry element American poetry.
9 (RLIN) 1688
700 1# - ADDED ENTRY--PERSONAL NAME
Personal name Kavanagh, P. J.
Fuller form of name (Patrick Joseph),
Dates associated with a name 1931-
9 (RLIN) 14567
700 1# - ADDED ENTRY--PERSONAL NAME
Personal name Michie, James.
9 (RLIN) 14568
856 42 - ELECTRONIC LOCATION AND ACCESS
Materials specified Publisher description
Uniform Resource Identifier <a href="http://www.loc.gov/catdir/enhancements/fy0638/84027294-d.html">http://www.loc.gov/catdir/enhancements/fy0638/84027294-d.html</a>
856 42 - ELECTRONIC LOCATION AND ACCESS
Materials specified Contributor biographical information
Uniform Resource Identifier <a href="http://www.loc.gov/catdir/enhancements/fy0725/84027294-b.html">http://www.loc.gov/catdir/enhancements/fy0725/84027294-b.html</a>
906 ## - LOCAL DATA ELEMENT F, LDF (RLIN)
a 7
b cbc
c orignew
d 1
e ocip
f 19
g y-gencatlg
942 ## - ADDED ENTRY ELEMENTS (KOHA)
Source of classification or shelving scheme Library of Congress Classification
Koha item type Books
Holdings
Withdrawn status Lost status Source of classification or shelving scheme Damaged status Home library Current library Shelving location Date acquired Total Checkouts Full call number Barcode Date last seen Copy number Price effective from Koha item type
    Library of Congress Classification   Luxembourg Library Luxembourg Library High School Section 08/28/2013   PR 1175 .Ox98 1988 6629 05/27/2015 1 08/28/2013 Books

The Oxford book of short poems /

APA

Kavanagh P. J., Michie J., . (1985). The Oxford book of short poems. Oxford: Oxford University Press.

Chicago

Kavanagh P J, Michie James, . 1985. The Oxford book of short poems. Oxford: Oxford University Press.

Harvard

Kavanagh P. J., Michie J., . (1985). The Oxford book of short poems. Oxford: Oxford University Press.

MLA

Kavanagh P J, Michie James, . The Oxford book of short poems. Oxford: Oxford University Press. 1985.

  • Place hold
  • Print
  • Cite
  • Add to your cart (remove)
  • Save record
    BIBTEX Dublin Core MARCXML MARC (non-Unicode/MARC-8) MARC (Unicode/UTF-8) MARC (Unicode/UTF-8, Standard) MODS (XML) RIS
  • More searches
    Search for this title in:
    Other Libraries (WorldCat) Other Databases (Google Scholar) Online Stores (Bookfinder.com) Open Library (openlibrary.org)

Exporting to Dublin Core...

SOUTHVILLE LIBRARY

Southville International School and Colleges Library

1281 Tropical Ave. Cor. Luxembourg St., BF Homes International, Las Pinas City

Tel. No. 8256374 / 252358 Loc. 117/146

Powered by Koha